000 00801cam a2200277 i 4500
001 768714001
003 CO-MdFUSB
005 20240622095649.0
007 ta
008 240622t1974 -us||||| |||| 00| 0 eng d
040 _cCO-MdFUSB
041 0 _aeng
082 0 4 _224
_a234.7
_bC2261t
100 1 _aCannon, William Ragsdale (1916-)
_eautor
245 1 0 _aThe theology of John Wesley with special refence to the doctrine of justification
_c/ William Ragsdale Cannon
264 1 _bAbingdon Cokesbury Press,
_aNew York, USA :
_c[1974]
264 4 _c©1974
300 _a348 Pag
336 _atexto
_btxt
_2rdacontent
337 _2rdamedia
_asin mediación
_bn
338 _2rdacarrier
_avolumen
_bnc
653 _aJustificación
653 _aWesleyanismo
942 _cBK
945 _amiguel
999 _c34890
_d34890